Economa̕ Internacional

Bibliographic Details
Main Author: Ramr̕ez Osorio, Jorge H.
Other Authors: Redondo Ramr̕ez, Marlen Isabel, Da̕z Restrepo, Carlos Andrš
Format: eBook
Language:Spanish
Published: Bogot:̀ Ediciones de la U, 2019
Subjects:
Online Access:Acceso restringido

MARC

LEADER 00000nam a22000007a 4500
005 20191113223025.0
007 cr|||| |||
008 191113s2019 co |||||s|||| 00||0 spa d
020 |a 978-958-762-964-4 
035 |a 30654 
040 |a vLex 
090 |c 9992  |d 9992 
100 1 |a Ramr̕ez Osorio, Jorge H. 
245 1 0 |a Economa̕ Internacional  |h [Recurso electrn̤ico] /  |c Jorge H. Ramr̕ez Osorio, Marlen Isabel Redondo Ramr̕ez, Carlos Andrš Da̕z Restrepo 
256 |a Servicio en ln̕ea 
260 |a Bogot:̀  |b Ediciones de la U,  |c 2019 
300 |a 1 recurso electrn̤ico 
506 1 |a Disponible solo en los productos indicados  |d vLex Global  |d vLex Global (Academic Edition, excluding Law Schools)  |d vLex Global (U.S. Academic Edition, Law Schools)  |d vLex Global (U.S. Academic Edition, excluding Law Schools)  |d vLex Global (Academic Edition, Law Schools) 
650 0 4 |a Economa̕ y negocios  |z Colombia 
700 1 |a Redondo Ramr̕ez, Marlen Isabel 
700 1 |a Da̕z Restrepo, Carlos Andrš 
740 0 |a vLex Libros (Servicio en ln̕ea) 
856 4 0 |u http://vlex.com/source/economia-internacional-30654  |z Acceso restringido 
942 |c BOOK 
999 0 |a Economy and business